Una mirada hacia atrás...para avanzar mejor
Wedi'i Gadw mewn:
| Prif Awdur: | |
|---|---|
| Awdur Corfforaethol: | |
| Fformat: | Llyfr |
| Iaith: | Sbaeneg |
| Cyhoeddwyd: |
Valparaíso
Ediciones Universitarias de Valparaíso
1999
|
| Rhifyn: | 1a. ed |
| Pynciau: | |
| Tagiau: |
Ychwanegu Tag
Dim Tagiau, Byddwch y cyntaf i dagio'r cofnod hwn!
|
MARC
| LEADER | 00000nam a2200000 a 4500 | ||
|---|---|---|---|
| 001 | UCJ8777 | ||
| 003 | CL-VaPUC | ||
| 008 | 070124e19990000CL |||||||||||||||||spa|d | ||
| 082 | 0 | 4 | |a 367 |b ADA |2 21 |
| 100 | 0 | |a Adaros Alvarez, René |e author |9 517999 | |
| 110 | 2 | |a Club de Leones de Valparaíso |e author |9 518000 | |
| 245 | 1 | 4 | |a Una mirada hacia atrás...para avanzar mejor |
| 246 | 1 | 0 | |a Quincuagésimo Aniversario |
| 250 | |a 1a. ed | ||
| 300 | |a 99 p | ||
| 942 | |c BK | ||
| 945 | |d 20070124 00:00:00 |a fvergara | ||
| 260 | |a Valparaíso |b Ediciones Universitarias de Valparaíso |c 1999 | ||
| 650 | 7 | |a CLUBES SOCIALES |2 CL-VaPUC |9 518001 | |
| 650 | 0 | |a Actas |9 377156 | |
| 650 | 7 | |a DIRECTORIOS |2 CL-VaPUC |9 257460 | |
| 650 | 0 | |a Correspondencia |9 258963 | |
| 650 | 7 | |a INSTITUCIONES |2 CL-VaPUC |9 329701 | |
| 583 | |a last modification |c 20170518 01:59:05 |k Rodrigo Vera | ||
| 999 | |c 324429 |d 324427 | ||
| 952 | |0 0 |1 0 |4 0 |6 367_000000000000000_ADA_1999 |7 0 |8 X |9 404533 |a FDOBUD |b FDOBUD |d 2019-11-22 |i 1083864 |o 367 ADA 1999 |p 1083864 |r 2019-11-22 |w 2019-11-22 |y BK_X |k BUD | ||